000 00922pam a2200301 a 4500
001 2804729
005 20260507161220.0
008 820225s1983 njua b 001 0 eng
010 _a 82003727
020 _a0135971950
020 _a9780135971956
035 _a2804729
040 _aDLC
_cIRDP
_dDLC
043 _ae------
050 0 0 _aJF51
_b.M6 1983
082 0 0 _a320.309 4 MOD
_219
245 0 0 _aModern political systems :
_bEurope /
_cRoy C. Macridis, editor.
250 _a5th ed.
260 _aEnglewood, N.J. :
_bPrentice-Hall,
_cc1983.
300 _axiv, 482 p. :
_bill. ;
_c24 cm.
504 _aIncludes bibliographies and index.
650 0 _aComparative government.
651 0 _aEurope
_xPolitics and government.
700 1 _aMacridis, Roy C.
906 _a7
_bcbc
_corignew
_d1
_eocip
_f19
_gy-gencatlg
942 _2ddc
_cBOOKS
999 _c9686
_d9686